|
|
|
|
| LEADER |
00000nab a2200000uu 4500 |
| 001 |
vtls011443154 |
| 003 |
SK-MaSNL |
| 005 |
20260303122835.0 |
| 008 |
230213|1957 xo |||||||||||||||||slo| |
| 015 |
|
|
|a SNBRB
|
| 035 |
|
|
|a (urnnbn)urn:nbn:sk:snk:ar-0036dg
|
| 035 |
|
|
|a (uuid)89849108-178d-4b0b-bcae-5c21edc01659
|
| 035 |
|
|
|a urn:nbn:sk:snk-abch09
|
| 040 |
|
|
|a SNKBUCL
|b slo
|c SNKBUCL
|e AACR2
|
| 041 |
0 |
|
|a slo
|
| 044 |
|
|
|a xo
|c SK
|
| 100 |
1 |
|
|a Kárpáti, Ištván
|4 aut
|9 1137986
|
| 245 |
1 |
0 |
|a PÔVODNÝ VÝSKYT FRAXINUS OXYCARPA WILLD. V ČESKOSLOVENSKU
|c Ištván Kárpáti, Verona Kárpátiová
|
| 700 |
1 |
|
|a Kárpátiová, Verona
|4 aut
|9 1138063
|
| 773 |
0 |
|
|t Biológia : časopis Slovenskej akadémie vied
|g Roč. 12, č. 3 (1957), s. 170-176
|
| 954 |
|
|
|a odborná, vedecká literatúra cudzojazyčná (svetová)
|2 lita
|
| 958 |
|
|
|a OND
|
| 958 |
|
|
|a EUIPO
|
| 958 |
|
|
|a article16
|
| 999 |
|
|
|c 1922513
|d 1924443
|